| 000 | 00681nam 22002293 4500 | ||
|---|---|---|---|
| 001 | 199796 | ||
| 010 | _a972-662-099-6 | ||
| 021 |
_aPT _b126817/98 |
||
| 090 | _a199796 | ||
| 100 | _a20260109d u||y0pory50 ba | ||
| 200 |
_aPontes para o infinito : O lado humano das matemáticas _fMichael Guillen _dtradução de Jorge da Silva Branco |
||
| 205 | _a2ª | ||
| 210 |
_aLisboa _d1998 _cGradiva |
||
| 215 |
_a204, [4] p. _cbrochado _d21 cm |
||
| 225 |
_aCiência aberta _h15 |
||
| 606 |
_aMatemática _91432 |
||
| 675 |
_a51 _zPT _vpor |
||
| 700 |
_aGuillen _912661 _bMichel _f1959- |
||
| 702 |
_915607 _aBranco _bJorge da Silva |
||
| 801 |
_aPT _bBMMN _gRPC |
||
| 830 | _cVanda | ||
| 990 | _cLIVROS | ||